| 000 | 00812nam a22002777a 4500 | ||
|---|---|---|---|
| 001 | 8214 | ||
| 003 | FISKH | ||
| 005 | 20250903091401.0 | ||
| 008 | 250903b cb ||||| |||| 00| 0 eng d | ||
| 020 | _a9780516243597 | ||
| 040 |
_aFISKH _beng _cFISKH _dFISKH |
||
| 050 | _aTS1268 .S649 | ||
| 082 | _a688 | ||
| 100 | _aSynder, Inez | ||
| 245 |
_aWax to crayons / _cBy Inez Snyder |
||
| 260 |
_aNew York : _bChildren's Press , _c2003. |
||
| 300 |
_a24 pages : _bcolor illustrations ; _c15 x 17 cm . |
||
| 490 | _aWelcome Books | ||
| 505 | _aJ | ||
| 520 | _aAn introduction to the process by which wax is transformed into crayons. | ||
| 521 | 8 |
_a400
_bLexile estimate |
|
| 521 | 8 |
_aJ
_bRaz-Plus |
|
| 700 |
_aSilate, Jennifer _eContributing Editor |
||
| 942 |
_2ddc _cBK _n0 |
||
| 999 |
_c8214 _d8214 |
||